Normal view
MARC view
- Asymptotic expansions
Entry Topical Term
001 - CONTROL NUMBER
- control field: 103847
003 - CONTROL NUMBER IDENTIFIER
- control field: NUST
005 - DATE AND TIME OF LATEST TRANSACTION
- control field: 20221201090258.0
008 - FIXED-LENGTH DATA ELEMENTS
- fixed length control field: 221201|| aca||aabn | a|a d
040 ## - CATALOGING SOURCE
- Original cataloging agency: NUST
- Transcribing agency: NUST
150 ## - HEADING--TOPICAL TERM
- Topical term or geographic name entry element: Asymptotic expansions
670 ## - SOURCE DATA FOUND
- Source citation: Work cat.: (NUST)183961: Babich, V. M. 103846, Short-wavelength diffraction theory :, c1991.
